000 01211nam a2200313Ia 4500
005 20220317001030.0
008 160825s2009 ck g 000 0 spa
020 _a97895830013012
100 1 _aVargas Tejada, Luis
_d1802-1829
245 1 4 _aLas convulsiones
_cLuis Vargas Tejada
250 _a1a. edición
_b10a. reimpresión
300 _a61 páginas
_c21 cm
490 _aTeatro
500 _aIncluye datos biográficos
520 _aEste sainete le permitío a la sociedad santafereña conocer su propia realidad. Gracias a la profunda psicología de sus personajes, es posible intuir en cada uno de ellos su anhelo por obtener todo cuanto está prohibido o mal visto
521 _aRecomendado para adultos
650 1 4 _2LEMB
_aTeatro colombiano
_ySiglo XX
650 1 4 _2LEMB
_aLiteratura colombiana
650 1 4 _2LEMB
_aAmor en la literatura
650 1 4 _2LEMB
_aComedia colombiana
650 1 4 _2LEMB
_aEnfermedades en la literatura
942 _2loc
_cBKLIT
264 _aBogotá
_bPanamericana
_c2009
336 _atexto
_btxt
_2rdacontent
337 _asin mediación
_bn
_2rdamedia
338 _avolumen
_bnc
_2rdacarrier
040 _aCO-BoRNBP
_bspa
_erda
_cCO-BoRNBP
084 _aT VAR2
999 _c5729
_d5729